000 00513nam a2200181Ia 4500
001 22696
005 20260414150848.0
008 260414t2012||||xx |||||||||||||| ||spa||
041 _aESP
082 _a621.384135
_bG23
100 _aGarcía Domínguez, Armando
_eAUT
245 0 _aCálculo de antenas :
_bantenas de última generación para tecnología digital y métodos de medición
260 _c2012
300 _a229 páginas :
_c23 cm.
650 _aTCA
654 _aCET
942 _cLIB
_dJUS
_fJUS
_2ddc
_n
999 _c22696
_d22696